| 000 | 00548cam a2200193 4500 | ||
|---|---|---|---|
| 001 | L129058 | ||
| 008 | 050315n2005 000 0 eng u | ||
| 020 | _a0728204622 | ||
| 035 | _a(Sirsi) u129058 | ||
| 041 | _aeng | ||
| 050 |
_a346.410432 _c18 |
||
| 100 | _aVegoda, Victor | ||
| 245 | 4 | _aThe role of the third surveyor under the Party Wall etc. Act 1996 | |
| 260 |
_aLondon _bEstates Gazette _c2005 |
||
| 300 |
_axv, 107p. _c22cm. |
||
| 350 | _a13.50 | ||
| 690 | _aPROPERTY-PROPERTY MANAGEMENT-EASEMENTS-PARTY WALL SURVEYING | ||
| 942 | _n0 | ||
| 999 |
_c104091 _d104091 |
||